[Event "Tourn. n9716"]
[Site "www.chess-mail.com"]
[Date "2018.04.20"]
[Round "1"]
[White "Esperanza"]
[Black "Tarasch"]
[WhiteElo "2020"]
[BlackElo "1990"]
[Result "0-1"]
[Round "1"]
1.d4 Ng8f6
2.c4 g6
3.Nb1c3 d5
4.cxd5 Nf6xd5
5.e4 Nd5xc3
6.bxc3 Bf8g7
7.Bc1g5 c5
8.Ra1c1 O-O
9.Ng1f3 Bc8g4
10.d5 Qd8d6
11.Bf1e2 Nb8d7
12.O-O e6
13.c4 Nd7e5
14.Nf3xe5 Bg4xe2
15.Ne5xf7 Rf8xf7
16.Qd1xe2 Ra8f8
17.Bg5e3 b6
18.f4 e5
 { time }
0-1

[Event "Match"]
[Site "www.echecsemail.com"]
[Date "2018.04.20"]
[Round "1"]
[White "Lucid1963"]
[Black "Lug47"]
[WhiteElo "1599"]
[BlackElo "1499"]
[Result "1-0"]
[Round "1"]
1.e4 e5
2.Ng1f3 Bf8d6
3.d4 Qd8e7
4.dxe5 f6
5.exd6 cxd6
6.Bc1f4 Nb8c6
7.Bf4xd6 Qe7xe4
8.Qd1e2 Ng8e7
9.Qe2xe4 O-O
10.Bf1c4 Rf8f7
11.Bc4xf7 Kxf7
12.O-O g6
13.Rf1e1 f5
14.Qe4h4 b6
15.Bd6xe7 Bc8a6
16.Qh4xh7 { resign }
1-0

[Event "Match"]
[Site "www.echecsemail.com"]
[Date "2018.04.20"]
[Round "1"]
[White "Liencam2"]
[Black "Ericleo1980"]
[WhiteElo "2290"]
[BlackElo "2240"]
[Result "0-1"]
[Round "1"]
1.e4 c5
2.Nb1c3 d6
3.f4 Nb8c6
4.Ng1f3 g6
5.Bf1c4 Bf8g7
6.O-O e6
7.d3 Ng8e7
8.Qd1e1 O-O
9.f5 gxf5
10.exf5 Ne7xf5
11.Bc1g5 Qd8b6
12.Nc3a4 Qb6a5
13.Na4c3 Qa5b6
14.Kh1 Qb6xb2
15.Bg5d2 Qb2b6
16.Ra1b1 Qb6d8
17.Bd2g5 Qd8a5
18.Bg5d2 Qa5d8
19.Nc3e2 a6
20.a4 d5
21.Bc4a2 b5
22.a5 Bg7f6
23.Ne2g3 Nf5g7
24.Qe1f2 Bf6e7
25.Rf1e1 Kh8
26.c4 b4
27.d4 Qd8xa5
28.Bd2h6 Qa5d8
29.dxc5 d4
30.Ng3e4 Rf8g8
31.Nf3g5 Be7xg5
32.Ne4xg5 Ra8a7
33.Ng5xf7 Ra7xf7
34.Qf2xf7 Qd8f8
35.Qf7c7 Qf8e8
36.Ba2b3 Ng7f5
37.Bh6f4 Rg8g7
38.Bf4e5 Nc6xe5
39.Qc7xe5 Qe8g6
40.c6 Qg6xg2
{ resign }
0-1

[Event "Match"]
[Site "www.echecsemail.com"]
[Date "2018.04.20"]
[Round "1"]
[White "Goofy"]
[Black "Axphis"]
[WhiteElo "2380"]
[BlackElo "1809"]
[Result "1-0"]
[Round "1"]
1.e4 e5
2.Ng1f3 Nb8c6
3.Bf1c4 Bf8c5
4.c3 Ng8f6
5.d3 d6
6.Bc4b3 O-O
7.Bc1g5 h6
8.Bg5h4 g5
9.Nf3xg5 hxg5
10.Bh4xg5 Bc8g4
11.Qd1d2 Bg4e6
12.Rh1f1 Be6xb3
13.axb3 Rf8e8
14.f4 exf4
15.Qd2xf4 Nc6e5
16.Qf4xf6 Qd8xf6
17.Bg5xf6 Ne5xd3
18.Ke2 Nd3e5
19.Nb1d2 Ne5d7
20.b4 Re8e6
21.bxc5  { time }
1-0

[Event "1/64 Finale"]
[Site "www.chess-mail.com"]
[Date "2018.04.20"]
[Round "1"]
[White "Gvladutz"]
[Black "Sahlapalat"]
[WhiteElo "2480"]
[BlackElo "2060"]
[Result "1/2-1/2"]
[Round "1"]
1.d4 Ng8f6
2.c4 g6
3.Nb1c3 d5
4.Ng1f3 Bf8g7
5.Qd1b3 dxc4
6.Qb3xc4 O-O
7.e4 a6
8.e5 b5
9.Qc4b3 Nf6d7
10.h4 c5
11.e6 c4
12.exf7 Rf8xf7
13.Qb3d1 Nd7b6
14.h5 Nb8c6
15.hxg6 hxg6
16.Bc1e3 Nb6d5
17.a4 Ra8b8
18.Be3h6 Bg7f6
19.Nf3e5 Bf6xe5
20.dxe5 Nd5b4
21.Qd1xd8 Nc6xd8
22.O-O-O Bc8f5
23.axb5 axb5
24.Bh6e3 Nd8c6
25.Bf1e2 Nb4d3
26.Be2xd3 Bf5xd3
27.Rh1h6 Rf7h7
28.Rh6xh7 Kxh7
29.e6 b4
30.Nc3a4 Rb8a8
31.Na4c5 Bd3f5
32.Rd1h1 Kg7
33.Rh1h4 c3
34.bxc3 bxc3
35.Nc5a4 c2
36.Be3d2 Kf6
37.Bd2c3 Kxe6
38.g4 Bf5e4
39.Na4c5 Kd5
40.Nc5xe4 Kxe4
41.g5 Kf5
42.Rh4c4 Ra8c8
43.Rc4c5 Ke6
44.Bc3b4 Kd7
45.Rc5d5 Ke8
46.Rd5c5 Kd7
47.Rc5d5 Ke6
48.Rd5c5 Kd7
49.Bb4d2 e5
50.Rc5xc2 Ke6
51.Kd1 Kd5
52.Bd2e3 Nc6e7
53.Rc2xc8 Ne7xc8
54.Ke2 Ke4
55.Be3c5 Kf4
56.Kd3 Kxg5
57.Ke4 Kf6
58.f4 { draw }
1/2-1/2

[Event "Tourn. n9756"]
[Site "www.chess-mail.com"]
[Date "2018.04.21"]
[Round "1"]
[White "Julian"]
[Black "Esperanza"]
[WhiteElo "1910"]
[BlackElo "2040"]
[Result "1-0"]
[Round "1"]
1.d4 d5
2.c4 e6
3.Nb1c3 Bf8e7
4.Ng1f3 Ng8f6
5.e3 O-O
6.cxd5 exd5
7.Bf1d3 c6
8.O-O Bc8g4
9.h3  { time }
1-0

[Event "Tourn. n9747"]
[Site "www.chess-mail.com"]
[Date "2018.04.21"]
[Round "1"]
[White "Falcoale"]
[Black "Gegonz"]
[WhiteElo "1860"]
[BlackElo "1610"]
[Result "0-1"]
[Round "1"]
1.e4 c6
2.d4 d5
3.e5 c5
4.Ng1f3 e6
5.c3 Nb8c6
6.Bf1b5 Bc8d7
7.O-O Qd8b6
8.Bb5e2 cxd4
9.cxd4 Ng8e7
10.Nb1c3 Ne7f5
11.b3 Nc6xd4
12.Nf3xd4 Nf5xd4
13.Bc1e3 Nd4xe2
14.Nc3xe2 Bf8c5
15.Be3xc5 Qb6xc5
16.Ra1c1 Qc5a3
17.Rc1a1 O-O
18.Qd1c1 Qa3a6
19.Ne2d4 Ra8c8
20.Qc1e3 Rf8d8
21.Rf1d1 Qa6a3
22.Nd4b5 Bd7xb5
23.h4 Rc8c7
24.Rd1d4 Rc7c2
25.Rd4d2 Rd8c8
26.Qe3d4 Rc2c1
27.Rd2d1 Rc1xa1
28.Qd4xa1 Rc8c2
29.Kh2 Qa3xa2
30.Qa1xa2 Rc2xa2
{ resign }
0-1

[Event "Tourn. n9772"]
[Site "www.chess-mail.com"]
[Date "2018.04.21"]
[Round "1"]
[White "Andychesston"]
[Black "Joaodelisboa"]
[WhiteElo "2090"]
[BlackElo "2160"]
[Result "0-1"]
[Round "1"]
1.e4 c5
2.Ng1f3 e6
3.d4 cxd4
4.Nf3xd4 Ng8f6
5.Nb1c3 Nb8c6
6.a3 Bf8e7
7.Bf1c4 Nc6a5
8.Bc4a2 a6
9.b4 Na5c6
10.O-O O-O
11.Ra1b1 b5
12.Bc1f4 Qd8b6
13.Bf4e3 Qb6c7
14.f4 Nc6xb4
15.axb4 Qc7xc3
16.Rb1b3 Qc3c7
17.e5 Nf6d5
18.Be3d2 Qc7b6
19.Rb3d3 Nd5xb4
20.Bd2xb4 Be7xb4
21.c3 Bb4c5
22.Kh1 a5
23.Ba2b1 Bc8a6
24.Rd3h3 g6
25.Qd1g4 Bc5e7
26.Bb1d3 b4
27.Bd3xa6 Qb6xa6
28.Qg4e2 Qa6xe2
29.Nd4xe2 b3
30.c4 a4
31.Rf1a1 b2
32.Ra1b1 a3
33.Rh3b3 a2
34.Rb1xb2 a1Q
35.Rb2b1 Qa1a4
36.Rb3b7 Qa4xc4
37.Ne2g1 Rf8d8
38.Ng1f3 Qc4xf4
39.Rb7b3 d5
40.g3 Qf4g4
41.Rb1g1 d4
42.h3 Qg4xh3
43.Nf3h2 Ra8a2
44.Rg1b1 Qh3xh2

0-1

[Event "Tourn. n9727"]
[Site "www.chess-mail.com"]
[Date "2018.04.21"]
[Round "1"]
[White "Esperanza"]
[Black "Osopanda"]
[WhiteElo "2040"]
[BlackElo "1940"]
[Result "0-1"]
[Round "1"]
1.d4 d5
2.c4 e6
3.Nb1c3 c6
4.cxd5 exd5
5.Ng1f3 Ng8f6
6.Bc1g5 Bf8e7
7.e3 O-O
8.Bf1d3 Bc8g4
9.Qd1c2 Nb8d7
10.Nf3e5 Nd7xe5
11.dxe5 Nf6e4
12.Bg5xe7 Qd8xe7
13.Bd3xe4 dxe4
14.Qc2xe4 f5
15.exf6 Qe7xe4
16.Nc3xe4 gxf6
 { time }
0-1

[Event "Tourn. n9733"]
[Site "www.chess-mail.com"]
[Date "2018.04.21"]
[Round "1"]
[White "Sorim"]
[Black "Esperanza"]
[WhiteElo "2070"]
[BlackElo "2040"]
[Result "1-0"]
[Round "1"]
1.d4 d5
2.Ng1f3 Ng8f6
3.Bc1g5 Nb8d7
4.e3 e6
5.Bf1d3 c5
6.c4 Bf8e7
7.O-O O-O
8.Nb1d2 h6
9.Bg5h4 b6
10.b3 Bc8b7
11.Qd1c2 Ra8c8
12.Ra1c1 cxd4
13.Nf3xd4  { time }
1-0

[Event "Tourn. n9728"]
[Site "www.chess-mail.com"]
[Date "2018.04.21"]
[Round "1"]
[White "Fantomas"]
[Black "Esperanza"]
[WhiteElo "2290"]
[BlackElo "2040"]
[Result "1-0"]
[Round "1"]
1.c4 c5
2.Nb1c3 d6
3.Ng1f3 Ng8f6
4.g3 e6
5.Bf1g2 Bf8e7
6.O-O O-O
7.b3 Nb8c6
8.Bc1b2 a6
9.e3 Qd8c7
10.d4 b6
11.d5 Nc6b8
12.e4 Bc8b7
13.Rf1e1 Nb8d7
14.Qd1d2 h6
15.Qd2c2 Rf8e8
16.Ra1d1 Nd7f8
17.Nf3d2 Nf8g6
18.Bg2h3 Be7f8
19.f4 exd5
20.Nc3xd5 Nf6xd5
21.exd5 Ra8d8
22.Nd2f3 Bb7c8
23.Bh3g2 Bc8g4
24.h3 Bg4xf3
25.Bg2xf3  { time }
1-0

[Event "Tourn. n9707"]
[Site "www.chess-mail.com"]
[Date "2018.04.21"]
[Round "1"]
[White "Griffo30"]
[Black "Sahlapalat"]
[WhiteElo "2200"]
[BlackElo "2120"]
[Result "1-0"]
[Round "1"]
1.e4 c5
2.b3 d6
3.Bc1b2 Ng8f6
4.Nb1c3 Nb8c6
5.Bf1b5 Bc8d7
6.Bb5xc6 Bd7xc6
7.Qd1e2 e5
8.Ng1f3 g6
9.d3 Bf8g7
10.O-O O-O
11.a4 Nf6h5
12.Qe2e3 Nh5f4
13.Rf1e1 Bg7h6
14.Kh1 Kg7
15.Bb2c1 g5
16.g3 Nf4g6
17.Nf3xg5 Bh6xg5
18.Qe3xg5 Qd8xg5
19.Bc1xg5 f5
20.Bg5e3 Rf8f7
21.Kg2 f4
22.Be3d2 Ra8f8
23.Re1f1 h5
24.f3 fxg3
25.hxg3 Ng6e7
26.Rf1f2 Kg6
27.Ra1f1 a6
28.f4 b5
29.axb5 axb5
30.Kh3 b4
31.f5 Kf6
32.Nc3d1 d5
33.exd5 Ne7xd5
34.Nd1b2 Rf8g8
35.Nb2c4 Rf7g7
36.Rf1g1 Rg7g4
37.Rf2e2 h4
38.Nc4xe5 Rg4xg3
39.Rg1xg3 Rg8xg3
40.Kxh4 Rg3g1
41.Ne5xc6 Kxf5
42.Re2e5 { resign }
1-0

[Event "Tourn. n9754"]
[Site "www.chess-mail.com"]
[Date "2018.04.21"]
[Round "1"]
[White "Coolant"]
[Black "Amaya"]
[WhiteElo "2280"]
[BlackElo "2140"]
[Result "1-0"]
[Round "1"]
1.e4 e6
2.d4 d5
3.Nb1d2 b6
4.Bf1d3 Bc8b7
5.Ng1f3 c5
6.c3 cxd4
7.Nf3xd4 Bf8c5
8.Qd1e2 Ng8e7
9.exd5 Bb7xd5
10.O-O Ne7c6
11.Nd2f3 O-O
12.Bc1e3 Nc6xd4
13.Nf3xd4 Bc5xd4
14.Be3xd4 Nb8c6
15.Bd4e3 Nc6e5
16.Bd3c2 Qd8h4
17.Be3d4 Ne5g4
18.h3 Ng4h6
19.a4 Qh4g5
20.f4 Qg5g3
21.Rf1f2 Nh6f5
22.Bc2xf5 exf5
23.a5 Rf8e8
24.Qe2d2 Re8e7
25.axb6 a6
26.Bd4xg7 Kxg7
27.Qd2xd5 Ra8e8
28.Qd5f3 Re7e1
29.Ra1xe1 Re8xe1
30.Rf2f1 Qg3xf3
31.gxf3 Re1e6
32.b4 Re6xb6
33.Kf2 Rb6c6
34.Rf1c1 h5
35.c4 h4
36.Ke3 Kf6
37.Kd4 Ke6
38.Rc1e1 { resign }
1-0

[Event "Tourn. n9704"]
[Site "www.chess-mail.com"]
[Date "2018.04.21"]
[Round "1"]
[White "Osopanda"]
[Black "Jackbauer"]
[WhiteElo "1870"]
[BlackElo "1860"]
[Result "1/2-1/2"]
[Round "1"]
1.e4 c5
2.Ng1f3 d6
3.d4 Nb8c6
4.dxc5 e5
5.cxd6 Qd8xd6
6.Qd1xd6 Bf8xd6
7.Bf1b5 Ng8e7
8.Nb1c3 a6
9.Bb5c4 h6
10.O-O O-O
11.Nc3d5 Bc8g4
12.Nf3h4 Nc6d4
13.Nd5xe7 Bd6xe7
14.Nh4f5 Bg4xf5
15.exf5 Nd4xf5
16.c3 Ra8c8
17.Bc4d3 Nf5d6
18.Bc1e3 b5
19.Ra1d1 e4
20.Bd3c2 b4
21.Be3f4 Rf8d8
22.Rf1e1 f5
23.Rd1d5 bxc3
24.bxc3 Nd6f7
25.Rd5xd8 Rc8xd8
26.Bc2b3 Kf8
27.Bf4c7 Rd8c8
28.Bc7a5 Nf7e5
29.Re1e3 Ne5g4
30.Re3e1 Be7d6
31.f3 Bd6c5
32.Kf1 Ng4xh2
33.Ke2 Rc8e8
34.fxe4 g5
35.Kd3 fxe4
36.Re1xe4 Re8xe4
37.Kxe4 Kg7
38.Ba5c7 Nh2g4
39.g3 h5
40.Kf5 Kh6
41.Bc7d8 Ng4e3
42.Kf6 Bc5d6
43.Bd8e7 Bd6xg3
44.Be7f8 Kh7
45.Kxg5 h4
46.Bf8c5 Ne3f1
47.Bb3e6 Nf1h2
48.Be6f5 Kg7
49.Bc5d4 Kf7
50.Bf5c8 a5
51.Bd4b6 a4
52.Bc8d7 Nh2f3
53.Kf5 Ke7
54.Bd7xa4 Kd6
55.Kg4 Nf3e5
56.Kh3 Bg3e1
57.Bb6d4 Ne5f3
58.Ba4b3 Nf3g5
59.Kg2 Kc6
{ draw }
1/2-1/2

[Event "Tourn. n9698"]
[Site "www.chess-mail.com"]
[Date "2018.04.21"]
[Round "1"]
[White "Seger"]
[Black "Asoka"]
[WhiteElo "2760"]
[BlackElo "2660"]
[Result "1/2-1/2"]
[Round "1"]
1.d4 d5
2.c4 e6
3.e3 Ng8f6
4.Ng1f3 b6
5.b3 Nb8d7
6.Nb1c3 Bf8d6
7.Bc1b2 Bc8b7
8.Bf1d3 O-O
9.O-O Rf8e8
10.Qd1c2 dxc4
11.bxc4 Bb7xf3
12.gxf3 c5
13.dxc5 Nd7xc5
14.Bd3e2 Qd8e7
15.Nc3b5 e5
16.a4 Bd6c7
17.Bb2a3 a5
18.Ra1b1 Ra8c8
19.Qc2f5 Bc7b8
20.Nb5c3 Rc8c6
21.Rf1d1 Nf6d7
22.Be2f1 Rc6g6
23.Bf1g2 Rg6g5
24.Nc3d5 Qe7d8
25.Qf5h3 Rg5g6
26.Rb1b5 Rg6d6
27.Qh3f5 Bb8c7
28.Qf5c2 Rd6h6
29.Nd5xb6 Bc7xb6
30.Ba3xc5 Bb6xc5
31.Rb5xc5 Nd7xc5
32.Rd1xd8 Re8xd8
33.h3 Rd8c8
34.Kh2 Rh6f6
35.h4 h5
36.Bg2h3 Rc8c6
37.Qc2d2 Nc5xa4
38.Qd2xa5 Na4c5
39.Qa5d8 Kh7
40.Qd8e8 g6
41.Qe8e7 Rf6xf3
42.Bh3g2 Rf3xf2
43.Kg3 Rf2xg2
44.Kxg2 Kg7
45.Qe7e8 Rc6e6
46.Qe8b5 Nc5a6
47.c5 Kf6
48.Kf3 Na6c7
49.Qb5d7 Re6e7
50.Qd7d6 Nc7e6
51.Ke4 Re7d7
52.Qd6xe5 Ke7
53.c6 f5
54.Kf3 Rd7c7
55.Qe5d5 Ne6d8
56.Qd5c5 Ke6
57.Qc5b6 Kd6
58.Qb6b4 Kxc6
59.Qb4c3 Kb7
60.Qc3f6 Nd8c6
61.Kg3 Nc6e7
62.Qf6e6 Ka7
63.Kf3 Kb8
64.Kf4 Kb7
65.Kg5 Ka7
66.Qe6b3 Rc7b7
67.Qb3a3 Kb6
68.Kf6 Rb7c7
69.Qa3b4 Kc6
70.Qb4a4 Kb6
71.Qa4b3 Kc6
72.Qb3d3 Kb6
73.Qd3b3 Kc6
74.Qb3c4 Kb6
75.Qc4b4 Kc6
76.Qb4a4 Kb6
{ draw }
1/2-1/2

[Event "Tourn. n9752"]
[Site "www.chess-mail.com"]
[Date "2018.04.21"]
[Round "1"]
[White "Bojan"]
[Black "Esperanza"]
[WhiteElo "1850"]
[BlackElo "2040"]
[Result "1-0"]
[Round "1"]
1.c4 c5
2.b3 d6
3.Bc1b2 e6
4.d4 cxd4
5.Bb2xd4 Ng8f6
6.Nb1d2 Nb8c6
7.Bd4c3 Bf8e7
8.Qd1c2 O-O
9.e3 b6
10.f3 Bc8b7
11.Bf1d3 g6
12.Ng1e2 Ra8c8
13.Qc2b2  { time }
1-0

[Event "Tourn. n9722"]
[Site "www.chess-mail.com"]
[Date "2018.04.21"]
[Round "1"]
[White "Esperanza"]
[Black "Prize64"]
[WhiteElo "2040"]
[BlackElo "2180"]
[Result "0-1"]
[Round "1"]
1.d4 Ng8f6
2.c4 g6
3.Nb1c3 Bf8g7
4.e4 d6
5.h3 O-O
6.Bc1g5 c5
7.d5 Qd8a5
8.Qd1d2 e6
9.Bf1d3 a6
10.Ng1e2 exd5
11.exd5 Rf8e8
12.O-O Nb8d7
13.Bg5h6 Bg7h8
14.f4 b5
15.cxb5 axb5
 { time }
0-1

[Event "Tourn. n9717"]
[Site "www.chess-mail.com"]
[Date "2018.04.21"]
[Round "1"]
[White "Apdash"]
[Black "Esperanza"]
[WhiteElo "2180"]
[BlackElo "2020"]
[Result "1-0"]
[Round "1"]
1.e4 c5
2.Ng1f3 d6
3.d4 cxd4
4.Nf3xd4 Ng8f6
5.f3 e6
6.Bc1e3 a6
7.Bf1e2 Qd8c7
8.c3 Bf8e7
9.O-O O-O
10.Nb1d2 b5
11.a4 bxa4
12.Ra1xa4 Bc8b7
13.Ra4c4 Nb8c6
14.Qd1a4 Rf8c8
15.Nd2b3 Nf6d7
16.Nd4xc6 Bb7xc6
17.Qa4a1 Nd7b6
18.Rc4d4 Bc6b5
19.Be2xb5 axb5
20.Qa1e1 Nb6c4
21.Qe1c1 Nc4xe3
22.Qc1xe3  { time }
1-0

[Event "Tourn. n9650"]
[Site "www.chess-mail.com"]
[Date "2018.04.21"]
[Round "1"]
[White "Claymil"]
[Black "Sahlapalat"]
[WhiteElo "2030"]
[BlackElo "1960"]
[Result "0-1"]
[Round "1"]
1.c4 c5
2.Nb1c3 Nb8c6
3.g3 b6
4.Bf1g2 Bc8b7
5.Ng1f3 e6
6.O-O Ng8f6
7.e3 Bf8e7
8.a3 O-O
9.d4 d5
10.cxd5 Nf6xd5
11.Qd1c2 Nd5xc3
12.bxc3 Ra8c8
13.Rf1d1 cxd4
14.exd4 Nc6a5
15.Bc1e3 Na5c4
16.a4 Be7f6
17.Ra1c1 Qd8e7
18.Rd1e1 Rf8d8
19.h4 h6
20.Qc2e2 Bb7d5
21.Nf3d2 Bd5xg2
22.Kxg2 Qe7b7
23.f3 Qb7d5
24.Nd2e4 Bf6e7
25.Rc1b1 Qd5d7
26.Qe2a2 Qd7d5
27.Qa2e2 Qd5d7
28.Ne4d2 Nc4xe3
29.Qe2xe3 Qd7c7
30.Re1c1 Qc7c6
31.Rb1a1 Qc6b7
32.Nd2e4 Qb7d5
33.Kh3 h5
34.Qe3f4 Rc8c6
35.Qf4e3 Rd8c8
36.g4 hxg4
37.fxg4 e5
38.Ne4g3 Be7f6
39.dxe5 Bf6xe5
40.Rc1d1 Rc6xc3
41.Rd1xd5 Rc3xe3
42.Ra1g1 Rc8c3
{ resign }
0-1

[Event "Match"]
[Site "www.echecsemail.com"]
[Date "2018.04.21"]
[Round "1"]
[White "Gambitmiau"]
[Black "Calponas"]
[WhiteElo "1940"]
[BlackElo "2090"]
[Result "0-1"]
[Round "1"]
1.e4 c5
2.Ng1f3 d6
3.d4 cxd4
4.Nf3xd4 Ng8f6
5.Nb1c3 a6
6.Bc1g5 e6
7.Bf1c4 Bf8e7
8.O-O O-O
9.Bc4d3 Nb8c6
10.Nd4f3 Qd8c7
11.Rf1e1 b5
12.e5 dxe5
13.Bg5xf6 Be7xf6
14.Nc3e4 Bf6e7
15.c3 h6
16.a3 Bc8b7
17.b4 Rf8d8
18.Qd1c2 Ra8c8
19.Re1d1 Be7f8
20.c4 Nc6d4
21.Nf3xd4 exd4
22.c5 Qc7f4
23.f3 Rd8d5
24.Qc2f2 Rd5h5
25.g3 Qf4c7
26.Qf2xd4 Rc8d8
27.Qd4e3 Rh5d5
28.Ra1c1 Bb7c6
29.Ne4f6 gxf6
30.Qe3xh6 Bf8xh6
31.f4 Rd5xd3
{ resign }
0-1

[Event "Match"]
[Site "www.echecsemail.com"]
[Date "2018.04.21"]
[Round "1"]
[White "Fangshuo"]
[Black "Euwe1983"]
[WhiteElo "2110"]
[BlackElo "1599"]
[Result "1-0"]
[Round "1"]
1.e4 g6
2.Ng1f3 f5
3.exf5 gxf5
4.Nb1c3 Bf8h6
5.Bf1c4 Ng8f6
6.d3 Bh6xc1
7.Ra1xc1 Nf6g4
8.h3 Ng4xf2
9.Kxf2 e6
10.h4 d5
11.Bc4xd5 c6
12.Bd5b3 Rh8g8
13.Nf3g5 Qd8d4
14.Ke1 Qd4xh4
15.Rh1xh4 Rg8xg5
16.Bb3xe6 Bc8xe6
17.Qd1e2 Kd7
18.Rh4xh7 Kd6
19.g4 fxg4
20.Nc3e4 Kd5
21.Ne4xg5 g3
22.Qe2xe6 Kc5
23.Ng5e4 Kd4
24.Qe6f6 Ke3
25.Rh7e7 g2
26.Ne4g3 { resign }
1-0

[Event "Match"]
[Site "www.echecsemail.com"]
[Date "2018.04.21"]
[Round "1"]
[White "Darknight"]
[Black "Caspito"]
[WhiteElo "1910"]
[BlackElo "1900"]
[Result "0-1"]
[Round "1"]
1.e4 e5
2.Bf1c4 Ng8f6
3.d3 c6
4.h3 Bf8c5
5.Ng1f3 d6
6.Bc1g5 Qd8b6
7.Bc4b3 Bc5xf2
8.Kf1 Bf2g3
9.Nb1d2 Qb6f2

0-1

[Event "1/128 Finale"]
[Site "www.chess-mail.com"]
[Date "2018.04.21"]
[Round "1"]
[White "Jaroslavpech"]
[Black "Esperanza"]
[WhiteElo "2390"]
[BlackElo "2020"]
[Result "1-0"]
[Round "1"]
1.e4 c5
2.Ng1f3 d6
3.d4 cxd4
4.Nf3xd4 Ng8f6
5.Nb1c3 e6
6.Bf1e2 a6
7.Bc1e3 Bf8e7
8.O-O O-O
9.f4 Qd8c7
10.g4 Nb8c6
11.g5 Nf6d7
12.f5 Nc6xd4
13.Qd1xd4  { time }
1-0

[Event "Tourn. n9727"]
[Site "www.chess-mail.com"]
[Date "2018.04.22"]
[Round "1"]
[White "Esperanza"]
[Black "Tevere"]
[WhiteElo "2040"]
[BlackElo "2070"]
[Result "0-1"]
[Round "1"]
1.d4 Ng8f6
2.c4 g6
3.Nb1c3 d6
4.e4 Bf8g7
5.h3 O-O
6.Bc1g5 Nb8d7
7.Bf1d3 a6
8.Qd1d2 c5
9.d5 Nd7e5
10.f4 Ne5xd3
11.Qd2xd3 Nf6h5
12.g4 h6
13.gxh5 hxg5
14.fxg5 gxh5
15.Ng1e2 f5
16.gxf6 Rf8xf6
17.O-O-O Qd8f8
 { time }
0-1

[Event "Tourn. n9774"]
[Site "www.chess-mail.com"]
[Date "2018.04.22"]
[Round "1"]
[White "Conde7"]
[Black "Drawlward"]
[WhiteElo "2860"]
[BlackElo "2550"]
[Result "1/2-1/2"]
[Round "1"]
1.a3 e5
2.c4 Ng8f6
3.Nb1c3 d5
4.cxd5 Nf6xd5
5.Ng1f3 Nb8c6
6.Qd1c2 Bf8e7
7.e4 Nd5xc3
8.dxc3 O-O
9.Bf1e2 a6
10.O-O Qd8d6
11.b4 Qd6g6
12.Rf1e1 Bc8h3
13.Be2f1 Bh3g4
14.Nf3d2 Rf8d8
15.Nd2c4 Rd8d7
16.a4 f6
17.Bc1a3 Qg6f7
18.Nc4e3 Bg4e6
19.Bf1e2 Ra8d8
20.Re1d1 Be6b3
21.Qc2b1 Rd7xd1
22.Be2xd1 Bb3xd1
23.Ne3xd1 a5
24.Nd1e3 axb4
25.Ba3xb4 Be7xb4
26.cxb4 Nc6d4
27.b5 h6
28.h3 Kh7
29.Ne3d5 Qf7d7
30.Nd5e3 Qd7f7
31.Ne3d5 Qf7d7
32.Kh2 c6
33.bxc6 Qd7xc6
34.a5 Qc6b5
35.Qb1d1 Rd8d6
36.Ra1b1 Qb5xa5
37.Rb1xb7 f5
38.Nd5e3 Qa5a6
39.Qd1b1 f4
40.Ne3f5 Rd6g6
41.Nf5xd4 exd4
42.Rb7b8 f3
43.g3 Qa6e2
44.Rb8b2 d3
45.Rb2xe2 fxe2
{ draw }
1/2-1/2

[Event "Tourn. n9752"]
[Site "www.chess-mail.com"]
[Date "2018.04.22"]
[Round "1"]
[White "Esperanza"]
[Black "Malbertan"]
[WhiteElo "2040"]
[BlackElo "1970"]
[Result "0-1"]
[Round "1"]
1.d4 Ng8f6
2.c4 e6
3.Nb1c3 Bf8b4
4.Qd1c2 c5
5.dxc5 Nb8a6
6.a3 Bb4xc5
7.e3 O-O
8.Ng1f3 d5
9.b4 Bc5e7
10.cxd5 Nf6xd5
11.Bc1b2 Be7f6
12.Nc3xd5 exd5
 { time }
0-1

[Event "Tourn. n9735"]
[Site "www.chess-mail.com"]
[Date "2018.04.22"]
[Round "1"]
[White "Gegonz"]
[Black "Passaroa25"]
[WhiteElo "1610"]
[BlackElo "1660"]
[Result "1-0"]
[Round "1"]
1.Ng1f3 Ng8f6
2.c4 Nb8c6
3.d4 d6
4.Nb1c3 e6
5.e4 Bc8d7
6.Bc1g5 h6
7.Bg5e3 Bf8e7
8.e5 Nf6h5
9.Bf1d3 g6
10.O-O b6
11.Ra1c1 Qd8b8
12.Bd3e4 f5
13.exf6 Nh5xf6
14.Be4xg6 Kd8
15.d5 Nc6b4
16.a3 Nb4a6
17.b4 Qb8b7
18.dxe6 Bd7xe6
19.Rf1e1 Kd7
20.Be3f4 Ra8d8
21.Qd1e2 Be6xc4
22.Bg6f5 Kc6
23.Nf3d4 
1-0

[Event "Tourn. n9760"]
[Site "www.chess-mail.com"]
[Date "2018.04.22"]
[Round "1"]
[White "Esperanza"]
[Black "Falcoale"]
[WhiteElo "2040"]
[BlackElo "1860"]
[Result "0-1"]
[Round "1"]
1.d4 Ng8f6
2.c4 e6
3.Nb1c3 b6
4.Bc1g5 Bc8b7
5.f3 h6
6.Bg5h4 Bf8e7
7.Bh4f2 O-O
8.e4 Be7b4
 { time }
0-1

[Event "Tourn. n9734"]
[Site "www.chess-mail.com"]
[Date "2018.04.22"]
[Round "1"]
[White "Esperanza"]
[Black "Ffdd65"]
[WhiteElo "2040"]
[BlackElo "2200"]
[Result "0-1"]
[Round "1"]
1.d4 d5
2.c4 c6
3.Nb1c3 e6
4.cxd5 cxd5
5.Ng1f3 h6
6.Bc1f4 Bc8d7
7.e3 Ng8f6
8.Bf1d3 a6
9.a4 Nf6h5
10.O-O Nh5xf4
11.exf4 Bf8d6
12.Nf3e5 Nb8c6
13.Bd3b1 Nc6xe5
14.fxe5 Bd6e7
 { time }
0-1

[Event "Tourn. n9724"]
[Site "www.chess-mail.com"]
[Date "2018.04.22"]
[Round "1"]
[White "Piriot"]
[Black "Obisporey"]
[WhiteElo "2450"]
[BlackElo "2600"]
[Result "0-1"]
[Round "1"]
1.Ng1f3 Ng8f6
2.d4 d5
3.c4 e6
4.Nb1c3 Bf8b4
5.Bc1g5 h6
6.Bg5xf6 Qd8xf6
7.e3 O-O
8.Ra1c1 Rf8d8
9.Qd1b3 c5
10.dxc5 Nb8c6
11.Bf1d3 dxc4
12.Bd3xc4 Bb4xc5
13.Nc3e4 Bc5b4
14.Qb3xb4 Qf6xf3
15.gxf3 Nc6xb4
16.Ke2 b6
17.a3 Nb4d5
18.Rh1d1 Bc8b7
19.Bc4xd5 { time. }
0-1

[Event "Tourn. n9767"]
[Site "www.chess-mail.com"]
[Date "2018.04.22"]
[Round "1"]
[White "Gilliere"]
[Black "Esperanza"]
[WhiteElo "2030"]
[BlackElo "2080"]
[Result "1-0"]
[Round "1"]
1.e4 c5
2.Ng1f3 d6
3.d4 cxd4
4.Nf3xd4 Ng8f6
5.Nb1c3 e6
6.Bf1d3 a6
7.O-O Bf8e7
8.Nd4f3  { time }
1-0

[Event "Tourn. n9712"]
[Site "www.chess-mail.com"]
[Date "2018.04.22"]
[Round "1"]
[White "Marbachess"]
[Black "Jaroslavpech"]
[WhiteElo "2590"]
[BlackElo "2390"]
[Result "1/2-1/2"]
[Round "1"]
1.f4 e5
2.fxe5 d6
3.exd6 Bf8xd6
4.Ng1f3 Ng8f6
5.g3 Nb8c6
6.Bf1g2 Bc8g4
7.O-O Qd8e7
8.a3 O-O-O
9.d3 h5
10.Bc1g5 Bd6xg3
11.hxg3 Qe7c5
12.d4 Nc6xd4
13.Nf3xd4 Qc5xg5
14.Qd1d3 Qg5e5
15.c3 c5
16.Qd3c4 h4
17.Bg2xb7 Kxb7
18.Qc4b5 Ka8
19.Qb5c6 Kb8
20.Qc6b5 Ka8
21.Qb5c6 { draw }
1/2-1/2

[Event "Tourn. n9725"]
[Site "www.chess-mail.com"]
[Date "2018.04.22"]
[Round "1"]
[White "Prize64"]
[Black "Piekki"]
[WhiteElo "2130"]
[BlackElo "2160"]
[Result "0-1"]
[Round "1"]
1.e4 c6
2.d4 d5
3.Nb1d2 dxe4
4.Nd2xe4 Bc8f5
5.Ne4g3 Bf5g6
6.h4 h6
7.Ng1f3 Nb8d7
8.h5 Bg6h7
9.Bf1d3 Bh7xd3
10.Qd1xd3 Ng8f6
11.Bc1f4 e6
12.O-O-O Qd8a5
13.Kb1 Nf6d5
14.Bf4d2 Qa5b6
15.c4 Nd5b4
16.Bd2xb4 Bf8xb4
17.Ka1 O-O-O
18.a3 Qb6a5
19.Qd3b3 Bb4e7
20.d5 Nd7c5
21.Qb3c2 Be7f6
22.Ka2 Nc5a4
23.b4 Qa5a6
24.Ng3e4 Na4b6
25.Ne4xf6 gxf6
26.b5 Qa6a4
27.Qc2xa4 Nb6xa4
28.Kb3 cxb5
29.dxe6 fxe6
30.cxb5 Na4c5
31.Kc4 b6
32.Nf3d4 Rh8g8
33.g3 Rg8g4
34.Rh1h4 Rg4xh4
35.gxh4 e5
{ resign }
0-1

[Event "Tourn. n9760"]
[Site "www.chess-mail.com"]
[Date "2018.04.22"]
[Round "1"]
[White "Hundegana"]
[Black "Esperanza"]
[WhiteElo "1990"]
[BlackElo "2040"]
[Result "1-0"]
[Round "1"]
1.e4 c5
2.Bf1c4 d6
3.f4 e6
4.g3 Ng8f6
5.d3 Bf8e7
6.a4 O-O
7.Nb1d2 Nb8c6
8.c3 a6
9.b4 cxb4
10.cxb4 Nc6xb4
11.Bc1a3  { time }
1-0

[Event "Tourn. n9714"]
[Site "www.chess-mail.com"]
[Date "2018.04.22"]
[Round "1"]
[White "Hundegana"]
[Black "Esperanza"]
[WhiteElo "2010"]
[BlackElo "2020"]
[Result "1-0"]
[Round "1"]
1.e4 c5
2.Bf1c4 d6
3.Ng1e2 e6
4.O-O Ng8f6
5.f3 Bf8e7
6.c3 O-O
7.d3 a6
8.a4 Nb8c6
9.Bc1f4 Qd8c7
10.b4 cxb4
11.cxb4 Nc6xb4
12.Qd1b3 Nb4c6
13.Nb1c3 Nc6a5
14.Qb3a2 Na5xc4
15.Qa2xc4 Qc7xc4
16.dxc4 Bc8d7
17.Rf1d1 e5
18.Bf4e3 Rf8c8
19.Nc3d5 Be7d8
20.Nd5xf6 Bd8xf6
21.Rd1xd6 Bd7e6
22.c5 Bf6e7
23.Rd6d2 Be7xc5
24.Be3xc5 Rc8xc5
25.Ra1c1 Rc5xc1
26.Ne2xc1  { time }
1-0

[Event "Tourn. n9779"]
[Site "www.chess-mail.com"]
[Date "2018.04.22"]
[Round "1"]
[White "Fantomas"]
[Black "Prize64"]
[WhiteElo "2220"]
[BlackElo "2130"]
[Result "1-0"]
[Round "1"]
1.e4 e5
2.Ng1f3 Nb8c6
3.Bf1b5 Ng8f6
4.d3 Bf8c5
5.O-O d6
6.Nb1c3 Bc8g4
7.h3 Bg4h5
8.Bc1g5 h6
9.Bg5e3 Bc5b6
10.Nc3d5 O-O
11.Nd5xb6 axb6
12.c3 Qd8c8
13.Qd1e2 g5
14.Be3d2 Kg7
15.Qe2e3 g4
16.Qe3xh6 Kg8
17.Qh6xf6 { resign }
1-0